000 00758nam a2200253Ia 4500
003 OSt
005 20221005111452.0
006 a|||||r|||| 00| 0
007 ta
008 221004b |||||||| |||| 00| 0 hin d
024 _a52487
037 _cTextual
040 _aCRL
_cCRL
_bhin
041 _2hin
_ahin
082 _aO152,6N41x, N4
100 _aचौधरी, पवन
245 0 _aमनमौजी उवाच
246 _aManamaujī uvācha
260 _aनई दिल्ली
_bविधि सेवा भारत
_c1994
300 _a170पृ0
_ccm.
650 _aसंस्कृत कविता
942 _hO152,6N41x, N4
_cTEXL
_2cc
999 _c1021926
_d1021926